Name a City - Oceanian Countries - Statistics

General Stats
  • This quiz has been taken 805 times
    797 since last reset
  • The average score is 3 of 14
Answer Stats
Country Cities % Correct
Australia Sydney | Melbourne | Brisbane | Perth | Adelaide
100%
New Zealand Auckland | Christchurch | Hamilton | Tauranga | Lower Hutt
90%
Palau Koror | Koror Town | Kloulklubed | Ulimang | Mengellang
26%
Fiji Lautoka | Nadi | Nausori | Labasa | Lami
26%
Papua New Guinea Lae | Wewak | Medang | Mount Hagen | Kimbe
24%
Kiribati Tabwakea | London | Makin | Banana | Rawanawi
17%
F. S. Micronesia Weno | Nett | Kitti | Kolonia | Madolenihmw
17%
Vanuatu Luganville | Norsup | Port Olry | Isangel | Sola
9%
Nauru Arijejen | Denigomudu | Meneng | Boe | Baitsi
8%
Marshall Islands Ebeye | Arno | Jabor | Wotje | Mili
8%
Solomon Islands Tandai | Auki | Malango | Gizo | Noro
7%
Tonga Neiafu | Tofoa-Koloua | Havelu | Vaini | Haateiho
5%
Samoa Vaitele | Faleasiu | Leauvaa | Vaiele | Siusega
4%
Tuvalu Savave | Motufoua | Teava | Tanrake | Tumaseu
2%
No matching quizzes found
Score Distribution
Percent of People with Each Score
Percentile by Number Answered
Your Score History
You have not taken this quiz since the last reset